00522nam a2200193 a 4500001001300000003000900013005001700022008004100039020001000080082001600090100002200106245006100128260004700189300000800236500003500244505001300279650001400292700002200306nice12345678IN_TiNIC20260116011700.0050524s1971 mada grp 000 0 eng  ac10000a335.43bREI aReinddorp, Julian aLeaders and Leadership in the Trade Unions in Bangalore. aMadrasbChristian Literature Societyc1971 a239 aincludes index and biblioraphy2 aAppendix aEconomics1 aReinddorp, Julian